| 000 -LEADER |
| fixed length control field |
00822nam a2200229 a 4500 |
| 001 - CONTROL NUMBER |
| control field |
21027 |
| 003 - CONTROL NUMBER IDENTIFIER |
| control field |
BD-DhUAP |
| 005 - DATE AND TIME OF LATEST TRANSACTION |
| control field |
20210121125406.0 |
| 008 - FIXED-LENGTH DATA ELEMENTS--GENERAL INFORMATION |
| fixed length control field |
210121t2018 bg a|||| |||| 001 0 eng d |
| 020 ## - INTERNATIONAL STANDARD BOOK NUMBER |
| International Standard Book Number |
9847021401352 |
| 040 ## - CATALOGING SOURCE |
| Original cataloging agency |
BD-DhAAL |
| Language of cataloging |
Eng |
| Transcribing agency |
BD-DhUAP |
| Modifying agency |
BD-DhUAP |
| 082 ## - DEWEY DECIMAL CLASSIFICATION NUMBER |
| Edition number |
23 |
| Classification number |
954.9205092 SEC |
| 245 ## - TITLE STATEMENT |
| Title |
Secret documents of intelligence branch (IB) on father of the nation Bangabandhu Sheikh Mujibur Rahman, 1948-71 : |
| Remainder of title |
declassified documents / |
| Statement of responsibility, etc. |
edited by Sheikh Hasina. |
| 260 ## - PUBLICATION, DISTRIBUTION, ETC. |
| Place of publication, distribution, etc. |
Dhaka : |
| Name of publisher, distributor, etc. |
Hakkani Publishers, |
| Date of publication, distribution, etc. |
c2018. |
| 300 ## - PHYSICAL DESCRIPTION |
| Extent |
volumes : |
| Other physical details |
illustrations ; |
| Dimensions |
27 cm. |
| 500 ## - GENERAL NOTE |
| General note |
includes index |
| 505 ## - FORMATTED CONTENTS NOTE |
| Formatted contents note |
V. 1 (1948-1950). |
| 600 ## - SUBJECT ADDED ENTRY--PERSONAL NAME |
| Personal name |
Rahman, Sheikh Mujibur |
| Dates associated with a name |
1920-1975. |
| 9 (RLIN) |
28318 |
| 651 ## - SUBJECT ADDED ENTRY--GEOGRAPHIC NAME |
| Geographic name |
Bangladesh |
| General subdivision |
Politics and government. |
| 9 (RLIN) |
28319 |
| 700 ## - ADDED ENTRY--PERSONAL NAME |
| Personal name |
Hasina, Sheikh. |
| 9 (RLIN) |
28320 |
| 942 ## - ADDED ENTRY ELEMENTS (KOHA) |
| Source of classification or shelving scheme |
|
| Koha item type |
Book |